Pays du monde avec glaciers (SANS CARTE) - Statistiques

Statistiques générales
  • Ce quiz a été pris 94 fois
  • Le résultat moyen est 38 sur 49
Statistiques - réponses
Continent Country % Correct
fr France
94%
no Norvège
94%
ca Canada
92%
cn Chine
92%
us États-Unis
92%
ru Russie
92%
se Suède
92%
ar Argentine
91%
cl Chili
91%
bo Bolivie
89%
it Italie
89%
pe Pérou
89%
kz Kazakhstan
86%
nz Nouvelle-Zélande
86%
ch Suisse
86%
co Colombie
85%
mn Mongolie
85%
is Islande
83%
de Allemagne
82%
ec Équateur
82%
es Espagne
82%
ve Venezuela
82%
at Autriche
80%
jp Japon
80%
mx Mexique
80%
np Népal
80%
in Inde
79%
tj Tadjikistan
79%
af Afghanistan
77%
am Arménie
76%
ke Kenya
76%
uz Ouzbékistan
76%
az Azerbaïdjan
74%
kg Kirghizistan
74%
pk Pakistan
74%
tz Tanzanie
74%
bt Bhoutan
73%
al Albanie
71%
si Slovénie
71%
ro Roumanie
70%
ge Géorgie
68%
ir Iran
68%
tr Turquie
68%
id Indonésie
67%
bg Bulgarie
61%
ug Ouganda
59%
mm Birmanie
58%
cd République Démocratique du Congo
53%
me Monténégro
42%
Aucun quiz correspondant
Distribution des résultats
% des personnes avec chaque résultat
Percentile par nombre de réponses
Votre historique - résultats
Vous n’avez pas pris ce quiz